000 00322nam a2200109Ia 4500
008 171205s9999 xx 000 0 und d
020 _a9781780676241
100 _aCarroll, Henry
245 _aRead This if you want to take Great Photographs of People
260 _bLaurence King Publishing Ltd
_c2015
300 _a127 pages
999 _c347382
_d347382